County Seats Of California - Map Quiz - Statistics

General Stats
  • This quiz has been taken 280 times
    270 since last reset
  • The average score is 38 of 58
Answers on the Map
Answers color-coded by a green-red scale on the quiz's map according to % correct below.
 
Answer Stats
County Seat % Correct
___ _______ Los Angeles
98%
___ _________ San Francisco
98%
______ Fresno
96%
___ _________ San Bernardino
96%
___ _____ San Diego
96%
Kern Bakersfield
95%
Alameda Oakland
95%
__________ Sacramento
95%
Santa Clara San Jose
94%
_____ _______ Santa Barbara
94%
_________ Riverside
92%
___ ____ ______ San Luis Obispo
91%
_______ Ventura
89%
Shasta Redding
84%
_____ ____ Santa Cruz
84%
Humboldt Eureka
83%
____ Napa
83%
Orange Santa Ana
83%
San Joaquin Stockton
82%
______ Merced
81%
Stanislaus Modesto
80%
Monterey Salinas
77%
Sonoma Santa Rosa
77%
Tulare Visalia
75%
Imperial El Centro
72%
Sutter Yuba City
68%
Del Norte Crescent City
66%
______ Madera
66%
Siskiyou Yreka
65%
________ Mariposa
61%
San Mateo Redwood City
61%
______ Colusa
59%
Marin San Rafael
59%
Lassen Susanville
57%
Mendocino Ukiah
55%
Modoc Alturas
52%
Solano Fairfield
52%
El Dorado Placerville
50%
Inyo Independence
48%
Contra Costa Martinez
48%
Nevada Nevada City
48%
San Benito Hollister
47%
Kings Hanford
46%
Butte Oroville
44%
Tehama Red Bluff
44%
Yuba Marysville
43%
Placer Auburn
42%
Lake Lakeport
41%
Alpine Markleeville
41%
Tuolumne Sonora
40%
Yolo Woodland
39%
Mono Bridgeport
35%
Amador Jackson
35%
Trinity Weaverville
32%
Glenn Willows
32%
Sierra Downieville
29%
Plumas Quincy
29%
Calaveras San Andreas
27%
No matching quizzes found
Score Distribution
Percent of People with Each Score
Percentile by Number Answered
Your Score History
You have not taken this quiz since the last reset